Tres mensajes /
Guardado en:
| Autor Principal: | |
|---|---|
| Formato: | Libro |
| Idioma: | Spanish |
| Publicado: |
Buenos Aires :
Fundación Bolsa de Comercio de Buenos Aires,
1978.
|
| Series: | Serie Temas para meditar ;
2. |
| Materias: | |
| Etiquetas: |
Agregar Etiqueta
Sin Etiquetas, Sea el primero en etiquetar este registro!
|
| LEADER | 00663nam a22001935 4500 | ||
|---|---|---|---|
| 001 | EAD.ead002272 | ||
| 008 | 080718s1978####ag############100#0#spa#d | ||
| 005 | 20100716072922.0 | ||
| 245 | 1 | 0 | |a Tres mensajes / |c Ludwig von Mises. |
| 260 | |a Buenos Aires : |b Fundación Bolsa de Comercio de Buenos Aires, |c 1978. | ||
| 300 | |a 85 p. ; |c 19 cm. | ||
| 490 | 0 | |a Serie Temas para meditar ; |v 2 | |
| 100 | 1 | |a Mises, Ludwig von, |d 1881-1973. | |
| 830 | 0 | |a Serie Temas para meditar ; |v 2. | |
| 082 | 0 | 4 | |a 330.12 |2 21 |
| 650 | 7 | |a Economía. |2 unbist | |
| 650 | 7 | |a Intervencionismo. |2 isoc | |
| 650 | 7 | |a Marxismo. |2 unbist | |
| 859 | |a AR-BaBDC |b BIB. ADMINISTRACION - Libros |h 330.12 |i M687-1 |p b02314 |t Ej.2 | ||
